[Event "BRA jub35-A email"]
[Site "Brazil email"]
[Date "2004.02.14"]
[Round "?"]
[White "Bowyer, Kenneth J"]
[Black "Mesquita, Fausto Monteiro Jr"]
[Result "1/2-1/2"]
[WhiteElo "2410"]
[BlackElo "2448"]
[PlyCount "77"]
[EventDate "2004.02.14"]
[EventType "tourn (corr)"]
[EventRounds "14"]
[EventCountry "BRA"]
[SourceTitle "Corr 2008"]
[Source "ChessBase"]
[SourceDate "2008.06.24"]
[SourceVersion "1"]
[SourceVersionDate "2008.06.24"]
[SourceQuality "1"]

1. d4 d5 2. c4 e6 3. Nc3 Nf6 4. Bg5 Be7 5. e3 0-0 6. Nf3 Nbd7 7. Qc2 h6 8. Bh4 c6 9. Rd1 Nb6 10. b3 Bb4 11. Bd3 Nbd7 12. 0-0 g5 13. Bg3 Nh5 14. Ne2 f5 15. Ne5 Nxg3 16. Nxg3 Nxe5 17. dxe5 Bd7 18. Ne2 Qe7 19. f4 Rac8 20. Nd4 gxf4 21. exf4 c5 22. Ne2 d4 23. Ng3 Be8 24. Be2 Qh4 25. Qc1 Rc7 26. a3 Ba5 27. Bf3 Kh8 28. Ne2 Rg8 29. Qb1 Rcg7 30. Qd3 Bh5 31. g3 Kh7 32. b4 Bxf3 33. Rxf3 Bb6 34. Kg2 Qe7 35. Qb3 Rd8 36. Rfd3 Qc7 37. Ng1 Qc6+ 38. Nf3 Kh8 39. Kf2 1/2-1/2

[Event "BRA jub35-A email"]
[Site "Brazil email"]
[Date "2004.02.14"]
[Round "?"]
[White "Cleto, Fernando de Almeida"]
[Black "Bowyer, Kenneth J"]
[Result "1/2-1/2"]
[WhiteElo "2545"]
[BlackElo "2410"]
[PlyCount "31"]
[EventDate "2004.02.14"]
[EventType "tourn (corr)"]
[EventRounds "14"]
[EventCountry "BRA"]
[SourceTitle "Corr 2006"]
[Source "ChessBase"]
[SourceDate "2006.04.01"]
[SourceVersion "3"]
[SourceVersionDate "2006.04.01"]
[SourceQuality "1"]

1. e4 e5 2. Nf3 Nc6 3. d4 exd4 4. Nxd4 Nf6 5. Nxc6 bxc6 6. e5 Qe7 7. Qe2 Nd5 8. c4 Nb6 9. Nc3 Qe6 10. Qe4 d5 11. exd6 cxd6 12. Bd3 Qxe4+ 13. Bxe4 Bb7 14. b3 d5 15. cxd5 cxd5 16. Bf3 1/2-1/2

[Event "BRA jub35-A email"]
[Site "Brazil email"]
[Date "2004.02.14"]
[Round "?"]
[White "Rain, Ricardo Ernesto"]
[Black "Bowyer, Kenneth J"]
[Result "1/2-1/2"]
[WhiteElo "2477"]
[BlackElo "2410"]
[PlyCount "69"]
[EventDate "2004.02.14"]
[EventType "tourn (corr)"]
[EventRounds "14"]
[EventCountry "BRA"]
[SourceTitle "Corr 2008"]
[Source "ChessBase"]
[SourceDate "2008.06.24"]
[SourceVersion "1"]
[SourceVersionDate "2008.06.24"]
[SourceQuality "1"]

1. d4 Nf6 2. c4 e6 3. Nc3 Bb4 4. Bg5 h6 5. Bh4 c5 6. d5 d6 7. e3 Bxc3+ 8. bxc3 e5 9. f3 g5 10. Bg3 Bf5 11. h4 g4 12. e4 Bc8 13. h5 gxf3 14. gxf3 Nh7 15. Qa4+ Qd7 16. Qxd7+ Nxd7 17. Bd3 Ndf6 18. Kf2 Rg8 19. Ne2 Ng5 20. Bh4 Nxh5 21. Bxg5 Rxg5 22. Rag1 Rxg1 23. Kxg1 Ng7 24. Rxh6 Ke7 25. Ng3 Bd7 26. Bf1 Rg8 27. Kf2 Rb8 28. Ke3 Rg8 29. Bh3 Nh5 30. Bxd7 Rxg3 31. Rxh5 Kxd7 32. Rh7 Ke7 33. Rh8 Rg2 34. Rb8 Rxa2 35. Rxb7+ 1/2-1/2

[Event "BRA jub35-A email"]
[Site "Brazil email"]
[Date "2004.02.14"]
[Round "?"]
[White "Zuchowski Filho, Edmundo"]
[Black "Bowyer, Kenneth J"]
[Result "1/2-1/2"]
[WhiteElo "2545"]
[BlackElo "2410"]
[PlyCount "65"]
[EventDate "2004.02.14"]
[EventType "tourn (corr)"]
[EventRounds "14"]
[EventCountry "BRA"]
[SourceTitle "Corr 2008"]
[Source "ChessBase"]
[SourceDate "2008.06.24"]
[SourceVersion "1"]
[SourceVersionDate "2008.06.24"]
[SourceQuality "1"]

1. d4 Nf6 2. c4 e6 3. Nf3 d5 4. Nc3 Be7 5. Bg5 h6 6. Bh4 0-0 7. e3 b6 8. Be2 Bb7 9. Bxf6 Bxf6 10. cxd5 exd5 11. b4 c6 12. 0-0 a5 13. b5 c5 14. Rc1 Nd7 15. dxc5 Nxc5 16. Nd4 Re8 17. Bg4 Qd6 18. Nf5 Qd8 19. Ne2 Be5 20. Nfd4 Qd6 21. g3 Rad8 22. Bf3 Rc8 23. Bg2 Ne4 24. Qd3 Qf6 25. Nc6 Bxc6 26. bxc6 Rxc6 27. Rxc6 Qxc6 28. Rd1 Qa4 29. Qxd5 Nf6 30. Qd2 Re6 31. Qd8+ Re8 32. Qd2 Re6 33. Qd8+ 1/2-1/2